Feijao : fatores de produçao e qualidade /
Guardado en:
| Autor Principal: | |
|---|---|
| Formato: | Libro |
| Idioma: | Portuguese |
| Publicado: |
Campinas :
Fundaçao Cargill,
1987.
|
| Etiquetas: |
Agregar Etiqueta
Sin Etiquetas, Sea el primero en etiquetar este registro!
|
| LEADER | 00438nam a22001335a 4500 | ||
|---|---|---|---|
| 001 | EEA.libagro003949 | ||
| 005 | 20190506112409.0 | ||
| 008 | 130809s1987####bl#a##########000#0#por#d | ||
| 082 | 0 | 4 | |a 635.652 |
| 100 | 1 | |a Bulisani, Eduardo. | |
| 245 | 1 | 0 | |a Feijao : |b fatores de produçao e qualidade / |c Eduardo Bulisani. |
| 260 | |a Campinas : |b Fundaçao Cargill, |c 1987. | ||
| 300 | |a 326 p. : |b il. ; |c 21 cm. | ||
| 859 | |a AR-BbBCA |b BIB. AGRONOMIA |h 635.652 |i B933 |p 1988/1187 | ||
